000
00271nam a22001337a 4500
020
_a
81-85617-80-5
041
_a
ENG
100
_a
Chapman.W.A.J
245
_a
Workshop Technology 1
260
_a
delhi
_b
Viva Books
_c
1998
300
_a
412
650
_a
FMP
856
_u
FMP
999
_c
258
_d
258